Robustness in statistics : proceedings of a workshop /

Bibliographic Details
Corporate Author: United States. Army Research Office, Durham, N.C. Mathematics Division
Other Authors: Launer, Robert L., Wilkinson, Graham N.
Format: Book
Language:English
Published: New York : Academic Press, 1979.
Subjects:

MARC

Tag First Indicator Second Indicator Subfields
LEADER 00000cam a2200000 i 4500
001 in00000063700
005 20151008050643.0
008 790502s1979 nyua b 10100 eng
010 |a  79013893  
020 |a 0124381502 
035 |a (OCoLC)05007341 
035 |9 AAG2415AM 
040 |a DLC  |c DLC  |d OCL  |d TXA  |d UtOrBLW 
049 |a TXAM  |c [1242887] 
050 0 0 |a QA276.A1  |b R6 
082 0 |a 519.5 
245 0 0 |a Robustness in statistics :  |b proceedings of a workshop /  |c sponsored by the Mathematics Division, Army Research Office, held at Army Research Office, Weiss Building, April 11-12, 1978 ; edited by Robert L. Launer, Graham N. Wilkinson. 
264 1 |a New York :  |b Academic Press,  |c 1979. 
300 |a xvi, 296 pages :  |b illustrations ;  |c 24 cm. 
336 |a text  |b txt  |2 rdacontent 
337 |a unmediated  |b n  |2 rdamedia 
338 |a volume  |b nc  |2 rdacarrier 
504 |a Includes bibliographies and indexes. 
650 0 |a Robust statistics  |x Congresses. 
700 1 |a Launer, Robert L. 
700 1 |a Wilkinson, Graham N. 
710 1 |a United States.  |b Army Research Office, Durham, N.C.  |b Mathematics Division. 
999 |a MARS 
999 f f |s d2662d9b-1ed8-32e0-b4c4-8b4a5b23dd2d  |i 0f8ee4bc-8e59-38f9-ab57-8a4e742fb004  |t 0 
952 f f |p normal  |a Texas A&M University  |b College Station  |c Sterling C. Evans Library  |d Evans: Library Stacks  |t 0  |e QA276.A1 R6  |h Library of Congress classification  |i unmediated -- volume  |m A14804502687 
998 f f |a QA276.A1 R6  |t 0  |l Evans: Library Stacks